US States by Number of Counties - Statistics

General Stats
  • This quiz has been taken 417 times
  • The average score is 18 of 48
Answer Stats
# of Counties State % Correct
254 Texas
99%
3 Delaware
63%
159 Georgia
63%
5 Rhode Island
59%
8 Connecticut
48%
120 Kentucky
47%
10 New Hampshire
46%
14 Vermont
44%
102 Illinois
43%
100 North Carolina
43%
99 Iowa
42%
114 Missouri
42%
105 Kansas
41%
15 Arizona
39%
14 Massachusetts
39%
95 Tennessee
39%
16 Maine
37%
58 California
36%
16 Nevada
36%
88 Ohio
35%
95 Virginia
35%
67 Florida
34%
83 Michigan
34%
93 Nebraska
34%
21 New Jersey
34%
87 Minnesota
33%
92 Indiana
32%
62 New York
32%
23 Maryland
31%
29 Utah
31%
23 Wyoming
31%
77 Oklahoma
30%
67 Alabama
29%
75 Arkansas
29%
64 Colorado
29%
33 New Mexico
29%
46 South Carolina
29%
36 Oregon
28%
82 Mississippi
27%
53 North Dakota
27%
39 Washington
27%
72 Wisconsin
27%
44 Idaho
26%
67 Pennsylvania
26%
66 South Dakota
26%
64 Louisiana
24%
56 Montana
24%
55 West Virginia
21%
No matching quizzes found
Score Distribution
Percent of People with Each Score
Percentile by Number Answered
Your Score History
You have not taken this quiz